Datum a čas kvízu

34 Celkem bodů Celkový počet nahraných bodů na tomto kvízu bez doplňovacích otázek.
3. Pořadí na kvízu Konečné umístění týmu na tomto kvízu.

Zaznamenané odpovědi

# Otázka Odpověď Body Výsledky
1. Které parlamentní straně vyšly... KDU-ČSL 1
2. Kterou památnou moskevskou bud... mauzoleum (V. I. Lenina) 1
3. Od středy do soboty se konal f... OneRepublic, Macklemore 1
4. V pondělí byl ministrem životn... po babičce 0
5. Který český hráč zvítězil minu... Tomáš Satoranský 0
6. Téma věnované Nobelově ceně a... Nobelova cena za mír, v Oslu 1
7. Zobrazený muž je nejspíš první... Jaroslav Vrchlický 0
8. Spojte jména laureátů s obory,... 1B 2D 3A 4C 1
9. Nobelovu cenu za mír mohou obd... Lékaři bez hranic 1
10. Některé oceněné objevy jsou, z... lobotomie 0.5